المملكة العربية السعودية: (Record no. 14613)
[ view plain ]
| 000 -الفاتح | |
|---|---|
| حقل البيانات ثابتة الطول | 00797nam a22001697a 4500 |
| 008 - عناصر البيانات ثابتة الطول - معلومات عامة | |
| حقل البيانات ثابتة الطول | 100805s1996 sy|||||r|||| 000 0dara d |
| 082 ## - رقم تصنيف ديوى العشرى | |
| رقم التصنيف | 320.9531 |
| رقم المادة | ح م ز |
| 100 ## - المدخل الرئيسى - إسم شخصى | |
| 9 (RLIN) | 17081 |
| الإسم الشخصى | حمزة، عادل |
| 245 ## - بيان العنوان | |
| العنوان | المملكة العربية السعودية: |
| بقية العنوان | دين ودولة / |
| بيان المسئوليه,etc | تأليف عادل حمزة |
| 260 ## - PUBLICATION, DISTRIBUTION, ETC. (IMPRINT) | |
| مكان الناشر او الموزع | [سوريا] : |
| اسم الناشر او الموزع | مكتبة نور الصباح ، |
| تاريخ النشر أو التوزيع | [1996] |
| 300 ## - الوصف المادى | |
| التعداد | 560 ص ؛ |
| أبعاد الوعاء | 20 سم |
| 504 ## - تبصرة ببليوجرافية | |
| تبصرة ببليوجرافية,الخ | يحتوي على إرجاعات ببليوجرافية |
| 541 ## - تبصرة المصدر المباشر للتزويد | |
| طريقة التزويد | شراء ؛ |
| 651 ## - المدخل الاضافى بالموضوع - اسم جغرافى | |
| 9 (RLIN) | 17082 |
| الاسم الجغرافي | السعودية |
| التقسيم الفرعي العام | الأحوال السياسية |
| 942 ## - عناصر المدخل الإضافي( كوها) | |
| مصدر التصنيف او مخطط الترفيف | Dewey Decimal Classification |
| Koha [default] item type | Book - Borrowing |
| حالة التراجع | حالة الفقد | مصدر التصنيف او خطة الترفيف | حالة تلف | ليس للاعارة | مجموعات كوها | المكان الدائم | المكان الحالي | موقع الترفيف | تاريخ الاكتساب | Source of acquisition | رقم الاستدعاء | الباركود | Date last seen | مُعار | نوع الوعاء |
|---|---|---|---|---|---|---|---|---|---|---|---|---|---|---|---|
| Dewey Decimal Classification | Central Library | Central Library | First floor | 05/08/2010 | 320.9531 ح م ز | 000021640 | 15/07/2025 | 28/11/2013 | Book - Borrowing |